000 00404nam a22001457a 4500
003 MACL
005 20180527164819.0
008 180527b xxu||||| |||| 00| 0 eng d
040 _c MACL
100 _aMencher Joan P
_972634
245 _aGender, Livehood and Enironment :How women Manage Resources
260 _aHyderbad
_bOrient Blackswan
_c2015
650 _aEnvironment
_972635
942 _2ddc
_cBK
999 _c58148
_d58148